Schaum’s outline of theory and problems of discrete mathematics / (Record no. 8822)

MARC details
000 -LEADER
fixed length control field 01618nac a22003971i 4500
003 - CONTROL NUMBER IDENTIFIER
control field EG-ScBUE
005 - DATE AND TIME OF LATEST TRANSACTION
control field 20250323093253.0
008 - FIXED-LENGTH DATA ELEMENTS--GENERAL INFORMATION
fixed length control field 160926t2007 nyua f 001 0 eng d
020 ## - INTERNATIONAL STANDARD BOOK NUMBER
International Standard Book Number 9780071470384 (pbk.)
020 ## - INTERNATIONAL STANDARD BOOK NUMBER
International Standard Book Number 0071470387
040 ## - CATALOGING SOURCE
Original cataloging agency EG-ScBUE
Language of cataloging eng
Description conventions rda
Transcribing agency EG-ScBUE
Modifying agency EG-ScBUE
082 04 - DEWEY DECIMAL CLASSIFICATION NUMBER
Classification number 512.02
Item number LIP
Edition number 22
100 1# - MAIN ENTRY--PERSONAL NAME
9 (RLIN) 2663
Personal name Lipschutz, Seymour,
Relator term author.
245 10 - TITLE STATEMENT
Title Schaum’s outline of theory and problems of discrete mathematics /
Statement of responsibility, etc Seymour Lipschutz, Ph.D., Temple University, Marc Lars Lipson, Ph.D., University of Virginia.
246 30 - VARYING FORM OF TITLE
Title proper/short title Theory and problems of discrete mathematics
246 30 - VARYING FORM OF TITLE
Title proper/short title Discrete mathematics
250 ## - EDITION STATEMENT
Edition statement Third edition.
264 #1 - PUBLICATION, DISTRIBUTION, ETC. (IMPRINT)
Place of publication, distribution, etc New York :
Name of publisher, distributor, etc McGraw-Hill,
Date of publication, distribution, etc [2007]
264 #4 - PUBLICATION, DISTRIBUTION, ETC. (IMPRINT)
Date of publication, distribution, etc c2007
300 ## - PHYSICAL DESCRIPTION
Extent xi, 474 pages :
Other physical details illustrations ;
Dimensions 28 cm.
336 ## - CONTENT TYPE
Source rdacontent
Content type term text
Content type code txt
337 ## - MEDIA TYPE
Media type term unmediated
Source rdamedia
Media type code n
338 ## - CARRIER TYPE
Carrier type term volume
Carrier type code nc
Source rdacarrier
490 0# - SERIES STATEMENT
Series statement Schaum's outline series
500 ## - GENERAL NOTE
General note Includes index.
500 ## - GENERAL NOTE
General note Includes Appendices.
650 #7 - SUBJECT ADDED ENTRY--TOPICAL TERM
Topical term or geographic name as entry element Algebra, Abstract
General subdivision Outlines, syllabi, etc.
Source of heading or term BUEsh
650 #7 - SUBJECT ADDED ENTRY--TOPICAL TERM
Topical term or geographic name as entry element Combinatorial analysis
General subdivision Outlines, syllabi, etc.
Source of heading or term BUEsh
650 #7 - SUBJECT ADDED ENTRY--TOPICAL TERM
Topical term or geographic name as entry element Logic, Symbolic and mathematical
General subdivision Outlines, syllabi, etc.
Source of heading or term BUEsh
655 ## - INDEX TERM--GENRE/FORM
Form subdivision Reading book
700 1# - ADDED ENTRY--PERSONAL NAME
Personal name Lipson, Marc,
Relator term author.
856 42 - ELECTRONIC LOCATION AND ACCESS
Materials specified Contributor biographical information
Uniform Resource Identifier <a href="http://www.loc.gov/catdir/bios/mh041/97019341.html">http://www.loc.gov/catdir/bios/mh041/97019341.html</a>
856 42 - ELECTRONIC LOCATION AND ACCESS
Materials specified Publisher description
Uniform Resource Identifier <a href="http://www.loc.gov/catdir/description/mh023/97019341.html">http://www.loc.gov/catdir/description/mh023/97019341.html</a>
856 42 - ELECTRONIC LOCATION AND ACCESS
Materials specified Table of contents
Uniform Resource Identifier <a href="http://www.loc.gov/catdir/toc/mh022/97019341.html">http://www.loc.gov/catdir/toc/mh022/97019341.html</a>
942 ## - ADDED ENTRY ELEMENTS (KOHA)
Source of classification or shelving scheme Dewey Decimal Classification
Koha item type Book - Textbooks
Holdings
Withdrawn status Lost status Source of classification or shelving scheme Damaged status Not for loan Collection code Home library Current library Shelving location Date acquired Source of acquisition Cost, normal purchase price Total Checkouts Total Renewals Full call number Barcode Checked out Date last seen Date checked out Cost, replacement price Price effective from Koha item type
    Dewey Decimal Classification     Baccah Central Library Central Library First floor 25/03/2008 Purchase 120.00 3 42 512.02 LIP 000010761 18/05/2026 21/08/2023 21/08/2023 121.60 25/03/2008 Book - Borrowing
    Dewey Decimal Classification     Baccah Central Library Central Library First floor 25/03/2008 Purchase 120.00 6 17 512.02 LIP 000010871   15/07/2025 17/10/2019 121.60 31/03/2008 Book - Borrowing
    Dewey Decimal Classification     Baccah Central Library Central Library First floor 25/03/2008 Purchase 120.00     512.02 LIP 000010872   15/07/2025   121.60 31/03/2008 NB - Book (Non borrowing)